Normal view
MARC view
- FRYER, D. W
Entry Personal Name
001 - CONTROL NUMBER
- control field: 77986
003 - CONTROL NUMBER IDENTIFIER
- control field: NUST
005 - DATE AND TIME OF LATEST TRANSACTION
- control field: 20210628210040.0
008 - FIXED-LENGTH DATA ELEMENTS
- fixed length control field: 210628|| aca||aabn | a|a d
040 ## - CATALOGING SOURCE
- Original cataloging agency: NUST
- Transcribing agency: NUST
100 ## - HEADING--PERSONAL NAME
- Personal name: FRYER, D. W
670 ## - SOURCE DATA FOUND
- Source citation: Work cat.: (NUST): FRYER, D. W, WORLD ECONOMIC DEVELOPMENT, 1965
